00421nam a2200157Ia 4500003000400000005001700004008004000021040000700061041001200068082001500080100001700095245006600112260002900178300001000207650004600217OSt20240523164213.0210210b1965 xxu||||| |||| 00| 0 eng d cAL aEnglish a547.1 DYEA aDYER (John). aApplications of absorption spectroscopy of organic compounds. aN DbPrentice Hallc1965 ax,147 aAbsorption Spectroscopy Organic Chemistry